000 01842cam a2200373 a 4500
999 _c23265
_d23265
001 14643776
003 Nust- CAS-E
005 20170602125545.0
008 061122s2007 enka b 001 0 eng
010 _a 2006052528
020 _a9780131274983
020 _a0131274988
035 _a(OCoLC)ocm76821177
035 _a(OCoLC)76821177
040 _aDLC
_cRCMS
_dBAKER
_dBWKUK
_dBTCTA
_dYDXCP
_dDLC
050 0 0 _aQA911
_b.V47 2007
082 0 0 _a532 VER
_222
_bVER-I 2007
100 1 _aVersteeg, H. K.
_q(Henk Kaarle),
_d1955-
_91558
245 1 3 _aAn introduction to computational fluid dynamics :
_bthe finite volume method /
_cH.K. Versteeg and W. Malalasekera.
250 _a2nd ed.
260 _aHarlow, England ;
_aNew York :
_bPearson Education Ltd.,
_c2007.
300 _axii, 503 p. :
_bill. ;
_c25 cm.
502 _a0
504 _aIncludes bibliographical references (p. [472]-494) and index.
538 _iShelf # 1 Row # 2. Shelf # 11, Row # 1, Mechanical & Aerospace.
650 0 _aFinite volume method.
_91559
650 0 _aFluid dynamics
_xData processing.
_91290
700 1 _aMalalasekera, W.
_q(Weeratunge),
_d1960-
_91560
856 _3Table of Content Only
906 _a7
_bcbc
_corignew
_d1
_eocip
_f20
_gy-gencatlg
942 _2ddc
_cBK